Una región de adolescentes/
Se hace un análisis de población de América Central y el resto de América Latina. Se afirma que la estructura de población del istmo centroamericano es de gente menor de los 17 años y que su potencial de crecimiento es superior al de América Latina. AR/MR
Wedi'i Gadw mewn:
| Prif Awdur: | |
|---|---|
| Awduron Eraill: | |
| Fformat: | Texto |
| Iaith: | Spanish |
| Pynciau: | |
| Tagiau: |
Ychwanegu Tag
Dim Tagiau, Byddwch y cyntaf i dagio'r cofnod hwn!
|
MARC
| LEADER | 00000 a a2200000 04500 | ||
|---|---|---|---|
| 001 | 3046 | ||
| 003 | CRAI/IIS | ||
| 005 | 20210603092155.0 | ||
| 008 | 210114b ||||| |||| 00| 0 spa d | ||
| 040 | |c CRAI/IIS |a Centro de Recursos para el Aprendizaje y la Investigación |b Español | ||
| 090 | |a 10737.01-47 vol. 1 | ||
| 100 | 1 | |9 9780 |a Casaús Arzú, Marta Elena | |
| 245 | 1 | |a Una región de adolescentes/ |c Marta Elena Casaús Arzú, Rolando Castillo Quintana | |
| 300 | |a páginas 314-317; vol. 1: |b tablas | ||
| 500 | |a Colección Centroamérica | ||
| 520 | |a Se hace un análisis de población de América Central y el resto de América Latina. Se afirma que la estructura de población del istmo centroamericano es de gente menor de los 17 años y que su potencial de crecimiento es superior al de América Latina. AR/MR | ||
| 650 | |a ANALISIS DEMOGRAFICO |0 TESAUROS | ||
| 650 | |a DENSIDAD DE POBLACION |0 TESAUROS | ||
| 650 | |a POBLACION |0 TESAUROS | ||
| 650 | |a CRECIMIENTO DEMOGRAFICO |0 TESAUROS | ||
| 651 | 0 | |9 308 |a CENTROAMERICA | |
| 700 | 1 | |9 9781 |a Castillo Quintana, Rolando | |
| 773 | 0 | |0 43560 |9 5102 |a Centro Español de Estudios de América Latina |d Madrid: CEDEAL, 1989 |o MFN: 2092 |t Centroamerica: | |
| 942 | |2 ddc |c LI |h 10737.01-47 vol. 1 |6 107370147_VOL_1 | ||
| 999 | |c 16579 |d 16579 | ||
